书目信息 |
| 题名: |
文化与符号经济
|
|
| 作者: | 叶舒宪 主编 | |
| 分册: | ||
| 出版信息: | 西安 陕西师范大学出版总社 2018 |
|
| 页数: | 310页 | |
| 开本: | 24cm | |
| 丛书名: | ||
| 单 册: | ||
| 中图分类: | G05 | |
| 科图分类: | ||
| 主题词: | 文化经济学--研究 | |
| 电子资源: | ||
| ISBN: | 978-7-5613-9830-2 | |
| 000 | 00932nam0 2200229 450 | |
| 001 | 7016 | |
| 005 | 20180604161842.96 | |
| 010 | @a978-7-5613-9830-2@dCNY95.00 | |
| 100 | @a20180513d2018 em y0chiy50 ea | |
| 101 | 0 | @achi |
| 102 | @aCN@b610000 | |
| 105 | @aa z 000yy | |
| 200 | 1 | @a文化与符号经济@9wen hua yu fu hao jing ji@f叶舒宪主编 |
| 210 | @a西安@c陕西师范大学出版总社@d2018 | |
| 215 | @a310页@c图@d24cm | |
| 300 | @a中国文学人类学原创书系 | |
| 330 | @a本书由文学人类学领军人物叶舒宪教授领衔主编,共约35万字,分上、中、下三编,分别为“上编 文化热销品的符号密码”“中编 民族文化的符号经济之路”“下编 符号经济与文学增值”,内容方面主要以文化符号学的视角,研究探讨近年来在国内外引起巨大反响的诸多文化、娱乐事件,以及当前我国传统民俗、现代旅游、文化产业发展等问题。 | |
| 606 | 0 | @a文化经济学@x研究 |
| 690 | @aG05@v5 | |
| 701 | 0 | @a叶舒宪@9ye shu xian@4主编 |
| 801 | 0 | @aCN@b91MARC@c20180513 |
| 905 | @aMuseLib@dG05@e112 | |
| 文化与符号经济/叶舒宪主编.-西安:陕西师范大学出版总社,2018 |
| 310页:图;24cm |
| 中国文学人类学原创书系 |
| ISBN 978-7-5613-9830-2:CNY95.00 |
| 本书由文学人类学领军人物叶舒宪教授领衔主编,共约35万字,分上、中、下三编,分别为“上编 文化热销品的符号密码”“中编 民族文化的符号经济之路”“下编 符号经济与文学增值”,内容方面主要以文化符号学的视角,研究探讨近年来在国内外引起巨大反响的诸多文化、娱乐事件,以及当前我国传统民俗、现代旅游、文化产业发展等问题。 |
| ● |
| 相关链接 |
|
|
|
|
正题名:文化与符号经济
索取号:G05/112
 
预约/预借
| 序号 | 登录号 | 条形码 | 馆藏地/架位号 | 状态 | 备注 |
| 1 | 1116129 | 211161295 | 第一样本阅览室/ [索取号:G05/112] | 在馆 | |
| 2 | 1116130 | 211161302 | 教育系资料室/ [索取号:G05/112] | 在馆 | |
| 3 | 1116131 | 211161311 | 教育系资料室/ [索取号:G05/112] | 在馆 | |
| 4 | 1116132 | 211161320 | 第四借阅区/ [索取号:G05/112] | 在馆 |